Obálka Náhled e-knihy:
PDF Epub
Pro půjčování e-knih musíte být přihlášeni.
Jak si půjčit online?

Dokonalá tma /

Člověk jako kus masa. Šestý případ Luca Callanacha a Avy Turnerové.

Uloženo v:
Série:Inspektor Luc Callanach, část 6
Hlavní autor: Fields, Helen, 1969- (Autor)
Další autoři: Knapová, Nela (Autor)
Médium: E-kniha
Jazyk:Czech
Vydáno: Praha : Kniha Zlin, 2022
Vydání:Vydání první
Edice:Thrill
Témata:
Příbuzné jednotky:Z cyklu:: Inspektor Luc Callanach
Tagy:
Žádné tagy
LEADER 02552nam a2200505 i 4500
001 311541
003 CZ PrSKC
005 20260601215707.0
007 ta
008 220420s2022 xr g 000 f cze
015 |a cnb003416474 
020 |a 9788076623064  |q (vázáno) 
035 |a (OCoLC)1329408622 
040 |a ABG001  |b cze  |d ABA001  |e rda 
041 1 |a cze  |h eng 
072 7 |a 821.111-3  |x Anglická próza, anglicky psaná  |2 Konspekt 
080 |a 821.111-31  |2 MRF 
080 |a (0:82-312.4)  |2 MRF 
100 1 |a Fields, Helen,  |d 1969-  |7 xx0224480  |4 aut 
240 1 0 |a Perfect kill.  |l Česky 
245 1 0 |a Dokonalá tma /  |c Helen Fieldsová ; přeložila Nela Knapová 
250 |a Vydání první 
264 1 |a Praha :  |b Kniha Zlin,  |c 2022 
300 |a 368 stran ;  |c 21 cm 
336 |a text  |b txt  |2 rdacontent 
337 |a bez média  |b n  |2 rdamedia 
338 |a svazek  |b nc  |2 rdacarrier 
490 1 |a Thrill ;  |v svazek 45 
500 |a Přeloženo z angličtiny 
520 2 |a Člověk jako kus masa. Šestý případ Luca Callanacha a Avy Turnerové.  |b Inspektor Luc Callanach se vydává do Francie, aby s Interpolem rozkryl síť obchodníků s bílým masem. Když se ale v Paříži najde tělo skotského občana, kterému někdo odebral vnitřnosti, musí se Callanach spojit se svou šéfinspektorkou Avou Turnerovou v Edinburghu. Té však v márnici také přibývají těla znepokojivou rychlostí. Záhy se ukáže, že jejich starosti mají společného jmenovatele... a sebemenší chyba ve vyšetřování může zničit desítky dalších životů. Nakladatelská anotace. 
655 7 |a anglické romány  |7 fd131814  |2 czenas 
655 7 |a detektivní romány  |7 fd132010  |2 czenas 
655 7 |a thrillery (romány)  |7 fd184206  |2 czenas 
655 9 |a English fiction  |2 eczenas 
655 9 |a detective novels  |2 eczenas 
655 9 |a thrillers (novels)  |2 eczenas 
700 1 |a Knapová, Nela  |7 ola2015884249  |4 trl 
787 0 8 |i Z cyklu:  |t Inspektor Luc Callanach  |g 6 
830 0 |a Thrill 
900 |a ABA001  |b 21 
928 9 |a Albatros Media - Kniha Zlin 
044 |a xr 
910 |a RBIT002 
998 |d 350224  |a https://core.palmknihy.cz/api/books/350224/cover?s1y1w7  |b https://core.palmknihy.cz/api/books/350224/cover/400?s1y1w7  |c https://core.palmknihy.cz/api/books/350224/cover/50?s1y1w7  |e 2030-05-07  |g 376  |i 9788076623064  |j https://core.palmknihy.cz/api/books/350224/preview.epub  |k https://core.palmknihy.cz/api/books/350224/preview.pdf  |l   |q 49  |r 1  |s https://www.palmknihy.cz/kniha/350224  |t ebook  |y 2022  |z 0  |v Luc Callanach  |w 6 
999 |d 311539